| 000 | 00000nas##2200000za#4500 |
|---|---|
| 001 | 9.509743 |
| 003 | CaOODSP |
| 005 | 20200325104531 |
| 007 | ta |
| 008 | 150406c2002||||xxc|| m #||||f| |0fre|d |
| 040 | |aCaOODSP|bfre |
| 041 | |aeng |
| 041 | |afre |
| 043 | |an-cn--- |
| 086 | 1 |aYX3-2002 |
| 110 | 1 |aCanada.|bStatuts. |
| 245 | 10|aLois du Parlement du Canada, 2002 |
| 260 | |aOttawa - Ontario : |bStatuts |
| 500 | |aTitre abrégé: Lois du Canada. |
| 546 | |aBilingue |
| 791 | |tActs of the Parliament of Canada, 2002 |eeng|w(CaOODSP)9.509742 |